LEADER 01599nam 2200385 a 450 001 9910698832503321 005 20090526144009.0 035 $a(CKB)5470000002397543 035 $a(OCoLC)351632169 035 $a(EXLCZ)995470000002397543 100 $a20090526d2009 ua 0 101 0 $aeng 135 $aurmn||||||||| 181 $ctxt$2rdacontent 182 $cc$2rdamedia 183 $acr$2rdacarrier 200 10$aU.S. Department of Agriculture$b[electronic resource] $eimproved management controls can enhance effectiveness of key conservation programs : testimony before the Subcommittee on Conservation, Credit, Energy, and Research, House Committee on Agriculture /$fstatement of Lisa Shames 210 1$a[Washington, D.C.] :$cU.S. Govt. Accountability Office,$d[2009] 215 $a12 pages, 3 unnumbered pages $cdigital, PDF file 225 1 $aTestimony ;$vGAO-09-528T 300 $aTitle from title screen (viewed on May 21, 2009). 300 $a"For release ... March 25, 2009." 320 $aIncludes bibliographical references. 517 $aU.S. Department of Agriculture 606 $aAgricultural subsidies$zUnited States 615 0$aAgricultural subsidies 700 $aShames$b Lisa$01384432 712 02$aUnited States.$bCongress.$bHouse.$bCommittee on Agriculture.$bSubcommittee on Conservation, Credit, Energy, and Research. 712 02$aUnited States.$bGovernment Accountability Office. 801 0$bGPO 801 1$bGPO 906 $aBOOK 912 $a9910698832503321 996 $aU.S. Department of Agriculture$93493192 997 $aUNINA